000 00557nam a22002057a 4500
003 OSt
005 20140310182332.0
008 130924t xxu||||| |||| 00| 0 eng d
020 _a0831710128
050 _aQB 46
_b.Am488 1992
082 _aGS 520
_bAm15
100 _aAmato, Carol J.
_921422
245 _aAstronomy /
_cCarol J. Amato.
260 _aNew York :
_bSmithmark,
_c1992.
300 _a56 p. :
_b29 cm.
_c29 cm.
440 _aBreakthrough in science
_921441
650 _aAstronomy
_xTitle
_921442
942 _2lcc
_cBK-GS
999 _c11996
_d11996